| 000 | 01310nam a2200253 i 4500 | ||
|---|---|---|---|
| 001 | 69689 | ||
| 003 | ES-MaACL | ||
| 005 | 20251011063114.0 | ||
| 007 | t| | ||
| 008 | 040709s1970 it b |||| | spa d | ||
| 080 | _a017(464.2)Catedral:091:34"04/14" | ||
| 100 | 1 |
_aGarcía y García, Antonio, _d1928- _9151099 |
|
| 245 | 1 | 0 |
_aCatálogo de los manuscritos jurídicos medievales de la Catedral de Toledo / _cAntonio García y García, Ramón Gonzálvez. |
| 260 |
_aRoma : _b[Consejo Superior de Investigaciones Científicas. Delegación de Roma], _c1970. |
||
| 300 |
_aXXV, 229 p. ; _c25 cm. |
||
| 490 | 1 |
_aCuadernos del Instituto Jurídico Español ; _v21. _aSerie de "Estudios" en colaboración con el Instituto de Historia de Teología de la Universidad Pontificia de Salamanca ; _v3 |
|
| 650 | 4 |
_aManuscritos- _zCatedral Primada de Toledo. Biblioteca Capitular- _vCatálogos. _9151097 |
|
| 650 | 4 |
_aDerecho- _vManuscritos- _vBibliografías. _9151100 |
|
| 700 | 1 |
_aGonzálvez, Ramón. _959067 |
|
| 710 | 2 |
_aInstituto Jurídico Español. _9183273 |
|
| 830 | 0 | 0 |
_aCuadernos del Instituto Jurídico Español. _pEstudios en colaboración con el Instituto de Historia de Teología de la Universidad Pontificia de Salamanca _v21. _v3 _9231006 |
| 852 |
_aES-MaACL _jC-37588 |
||
| 999 |
_c69689 _d69689 |
||